Darkness over Denmark : (Record no. 3441)

MARC details
000 -LEADER
fixed length control field 01614cam a22003974a 4500
001 - CONTROL NUMBER
control field 3441
003 - CONTROL NUMBER IDENTIFIER
control field FISKH
005 - DATE AND TIME OF LATEST TRANSACTION
control field 20240305160920.0
008 - FIXED-LENGTH DATA ELEMENTS--GENERAL INFORMATION
fixed length control field 990323s2000 nyuab j b 001 0deng
010 ## - LIBRARY OF CONGRESS CONTROL NUMBER
LC control number 99025607
020 ## - INTERNATIONAL STANDARD BOOK NUMBER
International Standard Book Number 0823414477
040 ## - CATALOGING SOURCE
Original cataloging agency DLC
Transcribing agency DLC
Modifying agency DLC
Language of cataloging eng
042 ## - AUTHENTICATION CODE
Authentication code pcc
-- lcac
043 ## - GEOGRAPHIC AREA CODE
Geographic area code e-dk---
050 00 - LIBRARY OF CONGRESS CALL NUMBER
Classification number DS135.D4
Item number L4 2000
082 00 - DEWEY DECIMAL CLASSIFICATION NUMBER
Classification number 940.53/18/09489
Edition number 21
100 1# - MAIN ENTRY--PERSONAL NAME
Personal name Levine, Ellen.
245 10 - TITLE STATEMENT
Title Darkness over Denmark :
Remainder of title the Danish resistance and the rescue of the Jews /
Statement of responsibility, etc. Ellen Levine.
250 ## - EDITION STATEMENT
Edition statement First Scholastic printing, April 2001
260 ## - PUBLICATION, DISTRIBUTION, ETC.
Place of publication, distribution, etc. New York :
Name of publisher, distributor, etc. Scholastic,
Date of publication, distribution, etc. 2000.
300 ## - PHYSICAL DESCRIPTION
Extent 164 pages :
Other physical details illustrations ; maps ;
Dimensions 26 cm.
504 ## - BIBLIOGRAPHY, ETC. NOTE
Bibliography, etc. note Includes bibliographical references (p. 157-158) and index.
520 ## - SUMMARY, ETC.
Summary, etc. An account of people in Denmark who risked their lives to protect and rescue their Jewish neighbors from the Nazis during World War II.
650 #0 - SUBJECT ADDED ENTRY--TOPICAL TERM
Topical term or geographic name entry element Jews
General subdivision Persecutions
Geographic subdivision Denmark
Form subdivision Juvenile literature.
650 #0 - SUBJECT ADDED ENTRY--TOPICAL TERM
Topical term or geographic name entry element Holocaust, Jewish (1939-1945)
Geographic subdivision Denmark
Form subdivision Juvenile literature.
650 #0 - SUBJECT ADDED ENTRY--TOPICAL TERM
Topical term or geographic name entry element World War, 1939-1945
General subdivision Jews
-- Rescue
Geographic subdivision Denmark
Form subdivision Juvenile literature.
650 #1 - SUBJECT ADDED ENTRY--TOPICAL TERM
Topical term or geographic name entry element Jews
General subdivision Persecutions
Geographic subdivision Denmark.
650 #1 - SUBJECT ADDED ENTRY--TOPICAL TERM
Topical term or geographic name entry element Holocaust, Jewish (1939-1945)
Geographic subdivision Denmark.
650 #1 - SUBJECT ADDED ENTRY--TOPICAL TERM
Topical term or geographic name entry element World War, 1939-1945
General subdivision Jews
-- Rescue
Geographic subdivision Denmark.
651 #0 - SUBJECT ADDED ENTRY--GEOGRAPHIC NAME
Geographic name Denmark
General subdivision History
Chronological subdivision German occupation, 1940-1945
Form subdivision Juvenile literature.
651 #0 - SUBJECT ADDED ENTRY--GEOGRAPHIC NAME
Geographic name Denmark
General subdivision Ethnic relations
Form subdivision Juvenile literature.
651 #1 - SUBJECT ADDED ENTRY--GEOGRAPHIC NAME
Geographic name Denmark
General subdivision History
Chronological subdivision German occupation, 1940-1945.
906 ## - LOCAL DATA ELEMENT F, LDF (RLIN)
a 7
b cbc
c orignew
d 1
e ocip
f 19
g y-gencatlg
942 ## - ADDED ENTRY ELEMENTS (KOHA)
Source of classification or shelving scheme Dewey Decimal Classification
Koha item type Books
Suppress in OPAC No
Holdings
Withdrawn status Lost status Source of classification or shelving scheme Damaged status Not for loan Collection Home library Current library Shelving location Date acquired Total Checkouts Full call number Barcode Date last seen Price effective from Koha item type
    Dewey Decimal Classification     Non-Fiction Footprints International School Library Network Toul Kork Campus Footprints International School Library Network Toul Kork Campus   03/05/2024   LEV 940.53 DS135.D4 FISSE02173 03/05/2024 03/05/2024 Books